| 000 | 01019cad a22002655a 4500 | ||
|---|---|---|---|
| 001 | E151875 | ||
| 008 | 101215s2010 xxk f 100 0 eng d | ||
| 020 | _a9781842196199 | ||
| 035 | _a(Sirsi) u151875 | ||
| 041 | 0 | _aeng | |
| 100 | 1 | _aCalvert, Carl | |
| 111 | 2 |
_aConstruction and Building Research Conference _cDauphine Universite, Paris _d2-3 September 2010 |
|
| 245 | 0 | 0 |
_aMaps, land and land title _bare they synonymous? _h[electronic resource] |
| 260 |
_aLondon _bRICS _c2010 |
||
| 520 | _aA paper presented at the COBRA Conference in Paris on 2-3 September 2010. | ||
| 590 | _aKA | ||
| 650 | 2 | 4 | _aCONSTRUCTION AND BUILDING RESEARCH CONFERENCE (COBRA) |
| 651 | 4 |
_aEngland and Wales _y1543- |
|
| 651 | 4 | _aFrance | |
| 690 | _aPROPERTY-PROPERTY ACQUISITION AND DISPOSAL-REGISTRATION OF TITLE TO PROPERTY | ||
| 700 | 1 | _aClergeot, Pierre | |
| 700 | 1 | _aChauvin, Nicolas | |
| 856 | 4 | 0 |
_uhttps://www.rics.org/site/scripts/download_info.aspx?fileID=8142&categoryID=720 _zBroken link - not available |
| 942 | _n0 | ||
| 999 |
_c111695 _d111695 |
||